000 00337nam a2200133Ia 4500
008 100328s9999 xx 000 0 und d
082 _b36417
100 _aबांदोडकर व.पु.
245 _aटायगर
260 _bप्रिया
630 _aटायगर
730 _aटायगर
942 _cBOOK
999 _c526088
_d526085